书目信息 |
| 题名: |
神农架之野
|
|
| 作者: | 曾凡华 , 李德禄 著 | |
| 分册: | ||
| 出版信息: | 北京 解放军文艺出版社 1990.11 |
|
| 页数: | 282页 | |
| 开本: | 32开 | |
| 丛书名: | ||
| 单 册: | ||
| 中图分类: | I25 | |
| 科图分类: | ||
| 主题词: | 报告文学--中国 , 传记文学--中国 | |
| 电子资源: | ||
| ISBN: | 7-5033-0175-9 | |
| 000 | 00602nam0 2200217 45 | |
| 001 | 0006191610 | |
| 005 | 20000619170308.0 | |
| 010 | @a7-5033-0175-9@d5.00元 | |
| 100 | @a20000619d1990 km y0chiy0120 ea | |
| 101 | 0 | @achi |
| 105 | @a z 000yy | |
| 200 | 1 | @a神农架之野@AShen Nong Jia Zhi Ye@f曾凡华,李德禄著@FCeng Fan Hua,Li De Lu Zhu |
| 210 | @a北京@c解放军文艺出版社@d1990.11 | |
| 215 | @a282页@d32开 | |
| 606 | 0 | @a报告文学@x中国 |
| 606 | 0 | @a传记文学@x中国 |
| 690 | @aI25@v3 | |
| 701 | 0 | @a曾凡华@4著 |
| 701 | 0 | @a李德禄@4著 |
| 801 | @aCN@bPftUser@c20000619 | |
| 905 | @b207862@dI25@eZ314@f1 | |
| 神农架之野/曾凡华,李德禄著.-北京:解放军文艺出版社,1990.11 |
| 282页;32开 |
| ISBN 7-5033-0175-9:5.00元 |
| ● |
| 相关链接 |
|
|
|
正题名:神农架之野
索取号:I25/Z314
 
预约/预借
| 序号 | 登录号 | 条形码 | 馆藏地/架位号 | 状态 | 备注 |
| 1 | 206102 | 202061026 | 社科二线422/422社科库 29排4列3层/ [索取号:I25/Z314] | 在馆 | |
| 2 | 207862 | 202078624 | 文学库108/108文学库 66排4列5层/ [索取号:I25/Z314] | 在馆 |